Largest Buddhist Minorities - Statistics

General Stats
  • This quiz has been taken 23 times
  • The average score is 11 of 12
Answer Stats
# of Buddhists Country % Correct
244,130,000 China
100%
9,250,000 India
100%
2,062,150 Indonesia
100%
45,820,000 Japan
100%
11,050,000 South Korea
100%
5,010,000 Malaysia
94%
14,380,000 Vietnam
94%
3,570,000 United States
88%
1,001,000 Bangladesh
82%
2,420,000 Nepal
76%
4,950,000 Taiwan
76%
1,730,000 Singapore
47%
No matching quizzes found
Score Distribution
Percent of People with Each Score
Percentile by Number Answered
Your Score History
You have not taken this quiz